Music Quiz

Random Music or Artist Quiz

Top of the Irish Music Charts Quiz Stats

Quiz not verified by Sporcle

Challenge
Share
Tweet
Embed
Score 0/22 Timer 03:00
0 Plays Today
Artist/Group % Correct
U2
86.2%
U2
86.2%
The Beatles
73%
ABBA
63.2%
Westlife
61.2%
Boyzone
57.2%
Elvis Presley
49.3%
Elvis Presley
49.3%
Madonna
40.8%
Madonna
40.8%
Michael Jackson
39.5%
Artist/Group % Correct
Michael Jackson
39.5%
Elton John
27.6%
Cliff Richard
23%
Cliff Richard
23%
Queen
19.1%
Britney Spears
15.8%
David Bowie
12.5%
Rod Stewart
6.6%
Dickie Rock and the Miami Showband
5.3%
Dustin the Turkey
3.9%
Brendan Shine
2.6%

You're not logged in!

Compare scores with friends on all Sporcle quizzes.
Sign Up with Email
OR
Log In

You Might Also Like...

Show Comments

Extras

Top Quizzes Today


Score Distribution

Your Account Isn't Verified!

In order to create a playlist on Sporcle, you need to verify the email address you used during registration. Go to your Sporcle Settings to finish the process.